000 00541nam a2200193Ia 4500
003 GCL
008 140319s9999 xx 000 0 eng d
040 _aGCL /
_cGCL
082 0 4 _a302.12
_bG S
100 1 _aGERGEN, KENNETH
245 1 0 _aSOCIAL PSYCHOLOGY: EXPLORATIONS IN UNDERSTANDING /
_cGERGEN, KENNETH
260 _a[S.N] :
_bCRM RANDON HOUSE, INC ،
_c1973
300 _a63 P
650 0 4 _aالحضارة الفرعونية
650 0 4 _aPERSONALITY
650 0 4 _aSOCIOLIZATION
650 0 4 _aSOCIAL BEHAVIOUR
942 _2ddc
_cBK
999 _c14925
_d14925